Регионална библиотека "Любен Каравелов" - Русе

Лила, Лила (Запис номер 181489)

MARC детайли
000 -Лидер
Контролно поле с фиксирана дължина 01454nam a2200373 c 4500
003 - Код на организацията, давaща контролен номер
Контролно поле BLK
005 - Дата и час на последна редакция
Контролно поле 20250523115338.0
008 - Елементи от данни с фиксирана дължина
fixed length control field 180411b bul|||||r ||||||| ||bul||
010 ## - Наследен системен номер
LC control number KNG00190392000
020 ## - Международен стандартен номер на книга ISBN
Международен стандартен номер на книга ISBN 978-954-330-382-3
040 ## - Източник на каталожния запис
Идентификатор на билиотеката - собственик на записа BLK
041 ## - Код за език
Код за езика на текст/звукозапис или на отделно заглавие Български
Код за езика КДБФ Български
072 #7 - Код за тематичната категория
Код организация bullib
Код за тематична категория Н83
Текст Чужда художествена литература Н
080 ## - УДК
Текстов определител УДК ?Швейцарска литература
УДК код - определител по УДК 830(494)
УДК определител -31
УДК - код + определител 830(494)-31
100 1# - Редна дума - Автор
Автор Зутер, Мартин
Авторска отговорност първи автор
R(LIN) 70339
139 ## - Редно поле
Редна дума Зутер, Мартин
Авторски знак Зур - З 96
245 10 - Сведения за заглавието
Заглавие Лила, Лила
Подзаглавни данни Роман
Редно поле (дума) Мартин Зутер; прев. от нем. Петя Димитрова Пешева.
257 ## - Страна на издаване
Страна на създаване/издаване Швейцария
260 ## - Област на издателските данни
Име на издателя, разпространителя и проч. Унискорп
Година на издаване 2013
Печатница Хасково : Полиграфюг
300 ## - Физическа характеристика
Страници 308 с.
Размери/Мащаб 30 см
380 ## - Жанр
Жанр Худож. лит.
490 1# - СЕРИИ (Колекции)
Име на серия Поредица Литературни звезди
500 ## - Общи забележки
Забележка Ориг. загл. Lila, Lila / Martin Suter. - Съдържа и за авт.
653 ## - Ключова дума – ненормативна
Ключова дума романи
659 ## - Тематичен бюлетин
Тематичен бюлетин Н
700 ## - Други автори (авторска отговорност)
Лично име Пешева, Петя Димитрова
Дати, свързани с автора 1953 -
Пълна форма на името Пешева-Тошева, Петя Димитрова
9 (RLIN) 246479
852 ## - Местоположение
Форматна сигнатура Цб 282273
856 4# - Електронен адрес и достъп
Електронен формат pdf - файл
856 4# - Електронен адрес и достъп
Електронен формат pdf - файл
999 ## - СИСТЕМНИ КОНТРОЛНИ НОМЕРА
Koha biblionumber 181489
Koha biblioitemnumber 181489
942 ## - АРТИКУЛИ
Вид на библиотечния материал Книги
Скрит в OPAC Не
Koha issues (borrowed), all copies 9
944 ## - СЪЗДАВАНЕ И РЕДАКЦИЯ на ЗАПИСА
Създаване/Редакция Създаване
Дата на регистрацията/редакция 14.09.2016
Статус, дата на статуса Радостина Карадакова
Служител, извършил регистрацията/редакцията 30534
944 ## - СЪЗДАВАНЕ И РЕДАКЦИЯ на ЗАПИСА
Създаване/Редакция Редакция
Дата на регистрацията/редакция 26.09.2016
Статус, дата на статуса ф /
Служител, извършил регистрацията/редакцията Людмила_Стоянова
999 ## - СИСТЕМНИ КОНТРОЛНИ НОМЕРА
Koha biblioitemnumber 181489
Наличности
Код за отписване Код за изгубен артикул Код за повреда Коз за рестрикции Код за отдаване Артикулен № Име на библиотеката - собственик Име на библиотеката, в която се намира в момента Статус (Текущо местоположение) Дата на вписване в системата Местоположение - отдел Цена в лева Инвентарен номер Систематично азбучна сигнатура Баркод Номер на екземпляра Цена в евро Служебна бележка Служебен тип на артикула Източник на класификационната схема
  Не е изгубен Не е повреден без рестрикции ползва се в читалня 310888 Регионална библиотека "Любен Каравелов" Русе Регионална библиотека "Любен Каравелов" Русе Хранилище 2016-09-15 Хранилище 13.00 120000803844 Цб 282273 120000803844 1 6.65 Дост: Dp Вид: Д N: 32 Дата: 05.07.2016 Книги  
  Не е изгубен Не е повреден   заемане за дома 677296 Регионална библиотека "Любен Каравелов" Русе Регионална библиотека "Любен Каравелов" Русе Заемна - подръчен фонд 2018-06-15 Заемна - подръчен фонд 13.00 120000821267 П 830-31/З 96 120000821267   6.65   Книги Universal Decimal Classification
Vip Innovations Ltd, Rousse, Bulgaria 2025